Quizzes
Events
Quiz Creation
Community
Videos
Private Events
Remove Ads
Sign In
Join for FREE
Feedback
Dark Mode
Quiz Categories
Sports
Geography
Music
Movies
Television
Just For Fun
Miscellaneous
History
Literature
Language
Science
Gaming
Entertainment
Religion
Holiday
For Kids
Quiz Lab
Recent
Popular Today
Quiz Kudos Today
Editor Picks
Curator Picks
Quizzes by...
Day
Popularity
Type
Ratings
Length
Year
Community
Subscriptions
Recent Discussions
Orange Saloon
Badges
Playlists
Quests
Create
Leaderboards
Showdown
Live 5
Trivia Bingo
Activity
Puzzle Library
Sporcle Events
Private Events
Virtual Trivia
Globe League
Become a Host
Pub Owners
SporcleCon
Opinionation
Our Games
Videos
Blog
Mobile Apps
Partnerships
Remove Ads and Go Orange
Feedback
Sports
Athletes
MLB
NBA
NHL
NFL
Soccer
Sports Teams
WWE
NCAA
Football
Premier League
Basketball
Baseball
Hockey
Golf
Tennis
Cricket
Rugby
Auto Racing
Olympics
World Cup
Sports
Athletes
MLB
NBA
NHL
NFL
Soccer
Sports Teams
WWE
NCAA
Football
Premier League
Basketball
Baseball
Hockey
Golf
Tennis
Cricket
Rugby
Auto Racing
Olympics
World Cup
Random Quiz
Search Sporcle
×
Quiz Lab
Quiz Lab
Sports
Letter
Type in answers that appear in a list
Type in answers that appear in a list
Classic
Best Score? Go Orange.
Top 10 NFL Passing Yards by Last Name A-Z Stats
Can you name the Top 10 NFL Passing Yards by Last Name A-Z?
By
darinh
20m
187 Questions
3,061 Plays
3,061 Plays
3,061 Plays
Comments
Comments
Give Quiz Kudos
Give Quiz Kudos
-
- Ratings
hide this ad
More Info
Replay
Link that replays current quiz
Next Quiz
Link to next quiz in quiz playlist
You Got
0%
They Got
Avg Score
50%
Avg Friend Score
Upgrade to see
Score Distribution
Jump to the score distribution portion of the page
Score
0/187
Timer
20:00
0
Plays Today
Letter
Player
% Correct
M
Eli Manning & Earl Morrall
94.6%
M
Peyton Manning
94.5%
M
Archie Manning
94.4%
B
Tom Brady
93.9%
F
Brett Favre
91.5%
M
Dan Marino
90.3%
Y
Steve Young
88.4%
Y
Vince Young
88.4%
B
Drew Brees
87.9%
M
Joe Montana
87.1%
E
John Elway
85.7%
J
Brad Johnson
85.6%
J
Charley Johnson
85.6%
J
Rob Johnson
85.6%
J
Randy Johnson
85.5%
U
Johnny Unitas
83.7%
S
Kordell Stewart & Alex Smith
83%
A
Troy Aikman
82.9%
A
Ken Anderson
82.1%
A
Derek Anderson
82.1%
B
Terry Bradshaw
81.7%
B
Drew Bledsoe
80.7%
M
Warren Moon
79.8%
W
Kurt Warner
79.6%
M
Donovan McNabb
79.1%
R
Ben Roethlisberger
78.5%
R
Philip Rivers
78%
T
Vinny Testaverde
77.5%
K
Jim Kelly
76.7%
T
Fran Tarkenton
76.6%
R
Aaron Rodgers
76.6%
F
Dan Fouts
76%
G
Brian Griese & Elvis Grbac
75.8%
W
Doug Williams
75.6%
N
Joe Namath
75.1%
V
Michael Vick
74.7%
E
Boomer Esiason
74.7%
C
Randall Cunningham
74.1%
P
Carson Palmer
73.9%
S
Roger Staubach
73.9%
C
Kerry Collins
73.8%
S
Phil Simms
73.7%
G
Trent Green
73.3%
J
Bert Jones
73.2%
C
Daunte Culpepper
73.1%
S
Bart Starr
72.9%
R
Matt Ryan & Steve Ramsey
72.4%
H
Matt Hasselbeck
72.1%
R
Tony Romo
72%
G
Bob Griese
71.9%
M
Steve McNair
71.5%
B
Steve Beuerlein & Marc Bulger
71.1%
J
Tarvaris Jackson
69.7%
R
Frank Ryan
69.5%
G
Rich Gannon
68.8%
S
Ken Stabler
67.8%
P
Milt Plum
67.7%
C
Jay Cutler
67%
B
Mark Brunell
66.7%
P
Jake Plummer
66.1%
W
Danny White
66%
G
Jeff Garcia
65.9%
F
Joe Flacco & John Friesz
65.5%
Letter
Player
% Correct
P
Chad Pennington
65.1%
T
Joe Theismann
64.4%
C
Tim Couch & Matt Cassel
64.1%
D
Len Dawson
63.9%
J
Ron Jaworski
63.6%
K
Dave Krieg
63.2%
D
Jake Delhomme
63%
T
Y.A. Tittle
62.7%
P
Jim Plunkett
62.7%
W
Wade Wilson
62.3%
W
Marc Wilson
62.3%
Q
Brady Quinn
62%
Q
Jonathan Quinn
62%
G
Jeff George
61.3%
Z
Jim Zorn
61.2%
C
David Carr
60.4%
D
Trent Dilfer
60.2%
S
Matt Schaub
60.2%
G
Otto Graham
59.6%
O
Kyle Orton
59.2%
E
Jim Everett
59.1%
R
Mark Rypien
59.1%
H
Jim Harbaugh
58.8%
C
Chris Chandler
58.7%
K
Bernie Kosar
58.5%
O
Ken O'Brien
57.8%
O
Davey O'Brien
57.7%
K
Jon Kitna
57.7%
J
Sonny Jurgensen
56.9%
O
Neil O'Donnell
56.5%
F
Doug Flutie
56.4%
K
Erik Kramer & Jeff Kemp
56.1%
L
Byron Leftwich
54.7%
E
Tony Eason
52.3%
L
Neil Lomax
52.1%
K
Tommy Kramer
51.9%
H
Jim Hart
51.7%
H
Jeff Hostetler
51.5%
C
Jason Campbell
51.2%
G
Steve Grogan
51%
B
George Blanda
50.5%
B
Steve Bartkowski
50.5%
V
Norm Van Brocklin
50.3%
S
Brian Sipe
49.8%
F
Jay Fiedler
48.9%
D
Steve DeBerg
48.8%
L
Daryle Lamonica
48.3%
H
John Hadl
47.7%
H
Joey Harrington
47.5%
E
Trent Edwards
46.6%
H
Stan Humphries
46.3%
M
Craig Morton
45.8%
L
Bobby Layne
45.8%
G
Roman Gabriel
44.3%
F
Gus Frerotte
43.6%
L
Sid Luckman
43.2%
F
Joe Ferguson
42.5%
B
John Brodie
42%
H
Bobby Hebert
41.9%
K
Jack Kemp
41.7%
L
Johnny Lujack & J.P. Losman
41.6%
D
Lynn Dickey
41.4%
D
Bobby Douglass & Ty Detmer
39.6%
Letter
Player
% Correct
P
Rodney Peete
39.1%
S
Jay Schroeder
38.7%
W
Steve Walsh & Dick Wood
38.4%
K
Billy Kilmer
37.2%
T
Richard Todd
36.9%
P
Dan Pastorini
36.9%
F
Vince Ferragamo
35.9%
T
Tommy Thompson
32.2%
E
Vince Evans
31.4%
V
Billy Volek
30.6%
S
Norm Snead
30.4%
H
Eric Hipple & Gary Hogeboom
28.8%
L
Greg Landry
28.6%
T
Mike Tomczak
28.2%
K
Bill Kenney
28.2%
W
David Woodley
27.7%
P
Babe Parilli
26.2%
T
Frank Tripucka & Jack Trudeau
26.2%
D
Gary Danielson
26%
T
Billy Joe Tolliver
23.8%
O
Dan Orlovsky
22.9%
A
Tony Adams
22.5%
P
Mike Phipps & Mike Pagel
22.3%
Z
Scott Zolak
21.9%
C
Charlie Conerly
21.8%
Z
Eric Zeier
21.7%
W
Billy Wade
21.4%
O
J.T. O'Sullivan
20.9%
R
Tobin Rote
20.9%
W
Bob Waterfield
20.8%
V
Alex Van Pelt
19.9%
F
Tom Flores
18.4%
N
Bill Nelsen
18%
E
Craig Erickson
16.9%
O
Tom Owen
15.9%
A
Frankie Albert
15.5%
N
Browning Nagle
15.5%
A
Bob Avellini
15.5%
Z
Roy Zimmerman
15.4%
N
Kent Nix
15.2%
D
Cotton Davidson
13.9%
L
Mike Livingston
12.6%
N
Rick Norton
11.5%
J
Jack Jacobs & Paul Justin
11.5%
I
Cecil Isbell
11.2%
L
Eddie LeBaron
11.1%
N
Harry Newman
10.2%
A
David Archer
9.7%
N
Gifford Nielsen
9.1%
O
Tommy O'Connell
8.3%
I
George Izo
7.2%
N
Jim Ninowski
7.2%
Y
Tom Yewcic
6.8%
R
George Ratterman
6.7%
D
Al Dorow
6%
O
Charlie O'Rourke
6%
V
Ron Vander Kelen
5.2%
E
Sam Etcheverry
4.6%
E
Fred Enke
4.4%
N
Terry Nofsinger
4.3%
V
Sam Vacanti
4.2%
Quiz Playlist
Details
Report
Send in Message
Add To Playlist
More Info:
Name the top 10 players by Total Passing Yards (not necessarily at QB) sorted by Last Name A-Z. Minimum 1,000 Career Passing Yards.
Classic:
Type in answers that appear in a list
Quiz Source
Last Updated: Feb 16, 2017
Quiz Scoreboard
CHALLENGE
Sign Up to Join the Scoreboard
Show All
Scores
Hide
Comments
May contain spoilers
Recently Published
College Basketball Coaching Resumes
by pancakes188
Sports
9m
Billboard Blitz: Fleetwood Mac
by CooCooCachoo
Music
15s
Presidents Visiting Landmarks
by Hejman
History
7m
More to Explore
Quiz From the Vault
Featured Blog Post
Where Did the Easter Bunny Come From?
hide this ad
You Might Also Like...
Tags
Letter Quiz
NFL Quiz
A-Z
last
Last Names
Passing
Player
Top 10
Yard
Yds
Today's Top Quizzes in Sports
Browse Sports
hide this ad
Today's Top Quizzes in Letter
Browse Letter
Top Contributed Quizzes in Sports
1
2022 World Cup Stars
2
Les meilleurs buteurs des matchs entre le PSG et l’OM
3
FIFA Club World Cup Champions
4
Les entraîneurs de l'OM et du PSG au 21e siècle
5
Criteria MLB: Left Handed Sluggers
6
AFC Teams Reveal (Wrong Answers Minefield)
7
5-to-1: UK Sports Teams
8
5-to-1: FBS Animal Nicknames
9
2023 MLB Unique Player Accomplishments
10
Name the Premier League winners with different clubs
Explore More
Trending Topics
Crossword
Marvel
NBA
Harry Potter
Disney
Anime
Kpop
Song
Soccer
Puzzle
WWE
Pokémon
Country
The Office
NFL
hide this ad
More By:
darinh
Quiz
Plays
Rating
Category
Featured
Created
50 Largest US Cities Minefield
1,747,330
4.11
Geography
Jun 10, 2011
Largest Cities/Towns per State Minefield
475,928
3.88
Geography
Jul 11, 2011
Countries With Highest GDP Minefield
259,313
4.26
Geography
Dec 6, 2011
Largest Countries by Continent Minefield
258,568
4.07
Geography
Jun 11, 2011
World Capitals Within 1000km
179,156
4.76
Geography
Jul 8, 2011
Go to Creator's Profile
Score Distribution
Quiz Creator Spotlight
darinh
Follow
Send a Message
Quizzes Created
-
Created Quiz Play Count
-
More By This Creator
Popular Quizzes Today
1
Find the US States - No Outlines Minefield
2
Find the Countries of Europe - No Outlines Minefield
3
The Countries of the World
4
Find the US States
5
Risky Map Clicking: Biggest States A-Z
6
US States
7
Popular People in 1961
8
Movies - When Are They Set?
More Sports Quizzes
World Cup Final Teams
Published
Trending Quizzes
Risky Map Clicking: Least Populous States A-Z
1-10 Letter G Words
1-10 Letter F Words
Risky Map Clicking: Next State Alphabetically
Risky Map Clicking: Biggest States A-Z
Recently Updated
Leaping Animals
pecheneg
Reality TV Shows (A-Z)
bhenderson79
Rickey Henderson's Hall of Fame Teammates
pecheneg
Champions League XIs: Arsenal
pecheneg
Quick Pick: Celebrities in WWE's Hall of Fame
aduchscher
A-Z Keypad Blitz II
pecheneg
Multiple Oscar Actors
pecheneg
Mystery Phrase Blitz: Oscar 'Best Actors'
pecheneg
F. Scott Fitzgerald Novels
LTH
Pick 3 Villains
ddd62291
Trending Topics
Marvel
Crossword
Disney
Anime
NBA
Kpop
Harry Potter
Soccer
Puzzle
Song
NFL
Country
The Office
WWE
Pokémon
Your Account Isn't Verified!
In order to create a playlist on Sporcle, you need to verify the email address you used during registration. Go to your
Sporcle Settings
to finish the process.
Report this User
Report this user for behavior that violates our
Community Guidelines
.
Details:
Send Report
Go to the Sporcle.com Mobile Site →
Comments